Church of Rome (Record no. 6277)

MARC details
000 -LEADER
fixed length control field 00534nam a2200229 a 4500
020 ## - INTERNATIONAL STANDARD BOOK NUMBER
ISBN
082 00 - DEWEY DECIMAL CLASSIFICATION NUMBER
Classification number 282
Author Cutter FUL
100 ## - MAIN ENTRY--AUTHOR NAME
Author name Fuller, R H
245 ## - TITLE STATEMENT
Title Church of Rome
Sub title Dissuasive
260 ## - PUBLICATION, DISTRIBUTION, ETC. (IMPRINT)
Place of publication London
Name of publisher Scm Press
Year of publication 1960
300 ## - PHYSICAL DESCRIPTION
Number of Pages 160p
500 ## - GENERAL NOTE
General note includes index and biblioraphy
505 2# - FORMATTED CONTENTS NOTE
Formatted contents note Index
650 ## - SUBJECT ADDED ENTRY--TOPICAL TERM
Topical Term Roman Catholic Church
942 ## - ADDED ENTRY ELEMENTS (KOHA)
Koha item type Books
Holdings
Collection code Home library Current library Date acquired Cost, normal purchase price Full call number Accession Number Koha item type
  Henry Martyn Institute Library Henry Martyn Institute Library 07/19/2007 40.80 282 FUL 011592 Books
                   Copyright © 2026 | Henry Martyn Institute | Hyderabad | TS-500052 | INDIA | Implemented by hmi.edu.in
Hit-Count:

Powered by Koha